• 首页
  • 本馆介绍
  • 公告通知
  • 最新文献
  • 馆藏检索
  • 电子资源
  • 读者导购
  • 参考咨询
  • 我的图书馆
  • 登录
  • 详细信息显示
  • 放入我的书架
  • 预约/预借图书
  • 作者相关作品
  • 分类相关作品
  • 丛书相关作品
  • 出版社相关作品

书目信息

  • 表格格式
  • 工作单格式
  • 卡片格式
题名:
湖泊
    
 
作者: 谢登华 编著
分册:  
出版信息: 汕头   汕头大学出版社  2015
页数: 106页
开本: 23cm
丛书名: 学科学魅力大探索
单 册:
中图分类: P941.78
科图分类:
主题词: 湖泊--hu bo--世界
电子资源:
ISBN: 978-7-5658-1724-3
000 00913nam 2200265 450
001 2355850323
005 20231109134545.33
010    @a978-7-5658-1724-3@dCNY29.80
100    @a20201117d2015 demy0chiy50 ea
101 0  @achi
102    @aCN@b440000
105    @aa z 000yy
200 1  @a湖泊@Ahu bo@e自然佩戴的明珠@f谢登华编著
210    @a汕头@c汕头大学出版社@d2015
215    @a106页@c彩图@d23cm
225 2  @a学科学魅力大探索@Axue ke xue mei li da tan suo@f主编周丽霞
300    @a地理发现之旅
330    @a本书介绍了滇池、西湖、青海湖、镜泊湖、鄱阳湖、死海、里海、贝加尔湖、基伍湖、大熊湖、马拉开波湖、安大略湖、科莫湖、陶波湖、塞凡湖等。
410  0 @12001 @a学科学魅力大探索
517 1  @a自然佩戴的明珠@Azi ran pei dai de ming zhu
606 0  @a湖泊@Ahu bo@y世界
690    @aP941.78@v5
701  0 @a谢登华@Axie deng hua@4编著
801  0 @aCN@b山东中教@c20230926
905    @aBZT@dP941.78@e5
    
    湖泊:自然佩戴的明珠/谢登华编著.-汕头:汕头大学出版社,2015
    106页:彩图;23cm.-(学科学魅力大探索/主编周丽霞)
    地理发现之旅
    
    ISBN 978-7-5658-1724-3:CNY29.80
    本书介绍了滇池、西湖、青海湖、镜泊湖、鄱阳湖、死海、里海、贝加尔湖、基伍湖、大熊湖、马拉开波湖、安大略湖、科莫湖、陶波湖、塞凡湖等。
●
相关链接 在五车中查询图书 在当当中查询图书 在豆瓣中查询图书


正题名:湖泊     索取号:P941.78/5         预约/预借

序号 登录号 条形码 馆藏地/架位号 状态 备注
1 2000964077   2000964077   第四书库/四29架B面4层6列/ [索取号:P941.78/5] 在馆    
2 2000964078   2000964078   第四书库/四29架B面4层6列/ [索取号:P941.78/5] 在馆    
3 2000964079   2000964079   第四书库/四29架B面4层6列/ [索取号:P941.78/5] 在馆    
4 2000964080   2000964080   第四书库/四29架B面4层6列/ [索取号:P941.78/5] 在馆    
5 2000964081   2000964081   第四书库/四29架B面4层6列/ [索取号:P941.78/5] 在馆    
6 2000964082   2000964082   第四书库/四29架B面4层6列/ [索取号:P941.78/5] 在馆    
山东省滨州职业学院图书馆 欢迎您!
大连网信软件有限公司© 版权所有